000 00260nam a2200109Ia 4500
008 220204s9999 xx 000 0 und d
082 _a301
_bJAI
100 _aJain, R K
245 0 _aEnvironmental impact analysis
260 _aNew York
_bVNR
_c1977
942 _cBK
999 _c26872
_d26872